प्रस्थान (Record no. 27291)

MARC details
000 -LEADER
fixed length control field 00502nam a2200169Ia 4500
008 - FIXED-LENGTH DATA ELEMENTS--GENERAL INFORMATION
fixed length control field 090122s9999 xx 000 0 und d
082 ## - DEWEY DECIMAL CLASSIFICATION NUMBER
Item number 3213
Classification number 891.4683
100 ## - MAIN ENTRY--PERSONAL NAME
Personal name नाडकर्णी
Numeration ज्ञानेश्वर
245 ## - TITLE STATEMENT
Title प्रस्थान
260 ## - PUBLICATION, DISTRIBUTION, ETC. (IMPRINT)
Name of publisher, distributor, etc मॅजेस्टिक
300 ## - PHYSICAL DESCRIPTION
Extent 222
600 ## - SUBJECT ADDED ENTRY--PERSONAL NAME
Personal name नाडकर्णी
630 ## - SUBJECT ADDED ENTRY--UNIFORM TITLE
Uniform title प्रस्थान
700 ## - ADDED ENTRY--PERSONAL NAME
Personal name नाडकर्णी
730 ## - ADDED ENTRY--UNIFORM TITLE
Uniform title प्रस्थान
942 ## - ADDED ENTRY ELEMENTS (KOHA)
Koha item type Book
Holdings
Withdrawn status Lost status Damaged status Not for loan Home library Current library Date acquired Cost, normal purchase price Total Checkouts Full call number Barcode Date last seen Copy number Cost, replacement price Price effective from Koha item type
        Dombivali Granthasangrahalaya, Dombivali Dombivali Granthasangrahalaya, Dombivali 01/22/2009 50.00   3213 DOM-3213 01/22/2009 1 50.00 01/22/2009 Book